000 00549nam a2200169Ia 4500
008 140529s9999 xx 000 0 und d
020 _a9780136064237
050 _aLC 4019.3
_b.K75 2012
100 _aKritikos, Effie P.
245 _aFoundations of assessment in early childhood special education /
_cEffie Kritikos, Phyllis Le Dosquet, Mark E. Melton
260 _aBoston :
_bPearson,
_cc2012.
300 _a269 p. :
_bill. ;
_c23 cm.
500 _aIncludes glossary and index.
521 _aSPED
942 _kFOR
_cBK
999 _c117658
_d117658